Statistiken für Nenne den Krieg Quiz

Klicken Sie hier um das Quiz zu spielen!

Allgemein

  • Dieses Quiz wurde 1,211 mal gespielt
  • Das Durchschnittsergebnis liegt bei 7 aus 16

Antwortstatistiken

Kriegsparteien Wann? Krieg % Korrekt
Alliierte gg. Achsenmächte1939-19452. Weltkrieg
99%
Alliierte gg. Mittelmächte1914-19181. Weltkrieg
99%
Nord gg. Süd1861-1865Amerikanischer Bürgerkrieg
63%
Frankreich gg. Rest von Europa1803-1815Napoleonische Kriege
57%
Argentinien gg. Vereinigtes Königreich1982Falklandkrieg
52%
Rom gg. Karthago264-146 v.Chr.Punische Kriege
48%
Troja gg. Griechenlandcirca 1,200 v.Chr.Trojanischer Krieg
45%
England gg. Frankreich1337-1453Hundertjähriger Krieg
44%
US-Koalition gg. Irak1990-1991Zweiter Golfkrieg
41%
Lancaster gg. York1455-1485Rosenkriege
39%
Israel gg. viele arabische Länder1967Sechstagekrieg
34%
Russland gg. Briten, Franzosen und Osmanen1853-1856Krimkrieg
21%
Israel gg. viele arabische Länder1973Jom-Kippur-Krieg
21%
Athen gg. Sparta431-404 v.Chr.Peloponnesischer Krieg
16%
Spanien gg. USA1898Spanisch-Amerikanischer Krieg
13%
USA gg. Britisches Weltreich1812-1815Britisch-Amerikanischer Krieg
12%

Verteilung der Resultate

Perzentil nach korrekt beantworteten Fragen

Anzahl Personen mit jedem Resultat

Ihre Resultats-Entwicklung

Sie haben dieses Quiz noch nicht gespielt